[Event "Portugal Open 2020"]
[Site "Lisboa POR"]
[Date "2020.01.29"]
[Round "6.67"]
[White "Garcia Salvador, Carlos"]
[Black "Morais, Vítor"]
[Result "0-1"]
[WhiteElo "1650"]
[BlackElo "1864"]
[WhiteFideId "54555310"]
[BlackFideId "1900552"]
[BlackTitle "NM"]
[WhiteCountry "ESP"]
[BlackCountry "POR"]
[PlyCount "108"]
[EventDate "2020.01.25"]

1. e4 c6 2. d4 d5 3. Nd2 dxe4 4. Nxe4 Bf5 5. Ng3 Bg6 6. h4 h6 7. h5 Bh7 8. Bc4
e6 9. N1e2 Nf6 10. c3 Nbd7 11. Nf4 Bd6 12. Qf3 O-O 13. Bd2 Qc7 14. O-O Rfe8 15.
Rfe1 a5 16. Bd3 Bxd3 17. Nxd3 Rad8 18. Nf1 c5 19. dxc5 Bxc5 20. Bf4 Bd6 21. Bxd6
Qxd6 22. Rad1 Qb6 23. Rd2 Nc5 24. b3 Nxd3 25. Rxd3 Rxd3 26. Qxd3 Nxh5 27. Rd1
Rc8 28. c4 Nf6 29. Ne3 Qc5 30. Qd6 b5 31. Qxc5 Rxc5 32. Rd8+ Kh7 33. Ra8 b4 34.
f3 g5 35. Kf2 Kg7 36. Rb8 Nd7 37. Rb7 Ne5 38. Ke2 Kf8 39. Rb5 Nd7 40. Kd3 Ke7
41. Kd4 Kd6 42. Ng4 h5 43. Nf2 f5 44. Nd3 e5+ 45. Ke3 Rxb5 46. cxb5 g4 47. fxg4
hxg4 48. g3 Nb6 49. Nb2 Kc5 50. Nc4 Nxc4+ 51. bxc4 a4 52. Kd3 f4 53. gxf4 exf4
54. Ke4 g3 0-1

[Event "Portugal Open 2020"]
[Site "Lisboa POR"]
[Date "2020.01.29"]
[Round "6.68"]
[White "Marcos Herrero, Francisco"]
[Black "Asvestopoulou, Evdokia"]
[Result "1/2-1/2"]
[WhiteElo "1861"]
[BlackElo "1688"]
[WhiteFideId "2279045"]
[BlackFideId "4219198"]
[WhiteCountry "ESP"]
[BlackCountry "GRE"]
[PlyCount "58"]
[EventDate "2020.01.25"]

1. Nf3 Nf6 2. c4 g6 3. b4 Bg7 4. Bb2 O-O 5. g3 c6 6. Bg2 Na6 7. b5 Nc7 8. Na3 d5
9. bxc6 bxc6 10. O-O Rb8 11. Rb1 Na8 12. d3 Qa5 13. Be5 Rxb1 14. Nxb1 Nb6 15.
cxd5 cxd5 16. Qb3 Bg4 17. Rc1 Rc8 18. Rxc8+ Bxc8 19. Nc3 Bg4 20. Nd4 g5 21. h3
Bd7 22. Kh2 e6 23. g4 Ne8 24. Bxg7 Kxg7 25. Qb2 Kg8 26. Nf3 h6 27. Nd1 Qc5 28.
Qc3 Qxc3 29. Nxc3 Nd6 1/2-1/2

[Event "Portugal Open 2020"]
[Site "Lisboa POR"]
[Date "2020.01.29"]
[Round "6.69"]
[White "Barros, Arlindo"]
[Black "Silva, Tiago Alexandre"]
[Result "0-1"]
[WhiteElo "1671"]
[BlackElo "1855"]
[WhiteFideId "23600640"]
[BlackFideId "1935321"]
[WhiteCountry "CPV"]
[BlackCountry "POR"]
[PlyCount "100"]
[EventDate "2020.01.25"]

1. e4 c5 2. Nf3 Nc6 3. Bb5 g6 4. Bxc6 dxc6 5. d3 Bg7 6. Nc3 Nf6 7. Be3 b6 8. h3
Bb7 9. O-O O-O 10. Qd2 Re8 11. Bh6 Bh8 12. Rab1 Qc7 13. Ne2 e5 14. Ng3 Rad8 15.
b3 Bc8 16. Qe3 Nd7 17. Bg5 f6 18. Bh6 Nf8 19. Bxf8 Rxf8 20. Rbd1 Rfe8 21. Qc1 a5
22. Nh2 Bg7 23. Qe3 Be6 24. Qc1 a4 25. Nf3 axb3 26. axb3 Ra8 27. Qe3 Ra2 28. Qc1
b5 29. Qb1 Rea8 30. Rfe1 Qa5 31. Re2 Qc3 32. Qc1 Ra1 33. Qd2 Rxd1+ 34. Qxd1 Ra1
35. Qxa1 Qxa1+ 36. Kh2 Bh6 37. Nh4 Bf4 38. Nf3 Qb2 39. Ng1 Qa1 40. Nf3 h5 41.
Re1 Qb2 42. Re2 Bxb3 43. Kh1 Be6 44. Nh4 Qb1+ 45. Kh2 g5 46. Ng6 h4 47. Ne7+ Kf7
48. Nxc6 Qd1 49. Nd8+ Ke7 50. Nc6+ Kd6 0-1

[Event "Portugal Open 2020"]
[Site "Lisboa POR"]
[Date "2020.01.29"]
[Round "6.70"]
[White "Tieres, Cristiano"]
[Black "Counhago, Edgar"]
[Result "1-0"]
[WhiteElo "1852"]
[BlackElo "1682"]
[WhiteFideId "1924931"]
[BlackFideId "1964275"]
[WhiteCountry "POR"]
[BlackCountry "POR"]
[PlyCount "73"]
[EventDate "2020.01.25"]

1. d4 Nf6 2. c4 g6 3. Nc3 Bg7 4. e4 d6 5. Nf3 O-O 6. h3 Nbd7 7. Bg5 h6 8. Be3 e5
9. d5 a6 10. g4 g5 11. Be2 Nh7 12. Nd2 Re8 13. Nf1 Ndf8 14. Ng3 Ng6 15. Qd2 Nf4
16. Rh2 Nf8 17. O-O-O N8g6 18. Rdh1 Bd7 19. Kb1 Nxe2 20. Qxe2 Nf4 21. Qc2 b5 22.
c5 dxc5 23. Bxc5 Bf8 24. Bxf8 Rxf8 25. f3 Ng6 26. Nd1 c6 27. dxc6 Rc8 28. Ne3
Rxc6 29. Qd1 Nh4 30. Rd2 Rc7 31. Nh5 f6 32. Rd6 Qe7 33. Qd5+ Kh8 34. Rd1 Bc8 35.
Nf5 Nxf5 36. exf5 Ra7 37. Re6 1-0

[Event "Portugal Open 2020"]
[Site "Lisboa POR"]
[Date "2020.01.29"]
[Round "6.71"]
[White "Oliveira, Fernando Alves"]
[Black "Porteman, Eric"]
[Result "0-1"]
[WhiteElo "1574"]
[BlackElo "1847"]
[WhiteFideId "1947869"]
[BlackFideId "204099"]
[WhiteCountry "POR"]
[BlackCountry "BEL"]
[PlyCount "91"]
[EventDate "2020.01.25"]

1. d4 Nf6 2. Bf4 d5 3. e3 e6 4. Bd3 c5 5. c3 Nc6 6. Nd2 Bd6 7. Bg3 e5 8. dxc5
Bxc5 9. Bb5 e4 10. Nb3 Bb6 11. Nd4 Bd7 12. Nge2 O-O 13. Nxc6 bxc6 14. Ba4 Rc8
15. Bb3 Bg4 16. Bh4 Qd6 17. h3 Bxe2 18. Qxe2 Nd7 19. Bc2 Qh6 20. Bg3 f5 21. h4
Nf6 22. Bf4 Qg6 23. f3 Nh5 24. O-O-O Nxf4 25. exf4 Qg3 26. fxe4 Qxf4+ 27. Kb1
fxe4 28. Qh5 Rf5 29. Qe2 Rcf8 30. c4 Qf2 31. Qg4 Qf4 32. Qe2 Qg3 33. cxd5 cxd5
34. Bb3 Kh8 35. Bxd5 e3 36. Bf3 Rf4 37. h5 Rd4 38. Rxd4 Bxd4 39. Rd1 Qe5 40. Rc1
Bxb2 41. Rc4 Rb8 42. Bb7 Bd4 43. Rc8+ Rxc8 44. Bxc8 Qb8+ 45. Kc2 Qxc8+ 46. Kd3
0-1

[Event "Portugal Open 2020"]
[Site "Lisboa POR"]
[Date "2020.01.29"]
[Round "6.72"]
[White "Taylor, Robert Graham"]
[Black "Dong, Rafael"]
[Result "1-0"]
[WhiteElo "1844"]
[BlackElo "1656"]
[WhiteFideId "1800841"]
[BlackFideId "1958038"]
[WhiteCountry "WLS"]
[BlackCountry "POR"]
[PlyCount "113"]
[EventDate "2020.01.25"]

1. Nf3 d5 2. g3 Nf6 3. Bg2 Bf5 4. O-O c6 5. d3 e6 6. Nbd2 Nbd7 7. Re1 Be7 8. h3
h6 9. e4 dxe4 10. dxe4 Bh7 11. Nh2 O-O 12. Qe2 Re8 13. a3 Nf8 14. Nb3 a5 15. Bf4
Ng6 16. Be3 a4 17. Rad1 Qc7 18. Nc5 b6 19. Nd3 Rad8 20. f4 Nf8 21. Bf2 c5 22. e5
c4 23. Nb4 Bxb4 24. axb4 Nd5 25. Bxd5 Rxd5 26. Rxd5 exd5 27. c3 b5 28. Qg4 Qd7
29. Qxd7 Nxd7 30. Nf3 Be4 31. Nd4 Rb8 32. Be3 Kf8 33. Kf2 Ke8 34. g4 Kf8 35. Kg3
g6 36. h4 Kg7 37. Rd1 Kh7 38. Nc6 Ra8 39. Bc1 Nb6 40. Nd4 a3 41. bxa3 Na4 42.
Bd2 Nb2 43. Ra1 Rb8 44. Kf2 Kg7 45. Kg3 h5 46. Ra2 Nd3 47. a4 hxg4 48. Nxb5 Rh8
49. a5 Rc8 50. a6 d4 51. Nxd4 Rd8 52. a7 Ba8 53. b5 Nb4 54. Ra4 Nc2 55. e6 Nxd4
56. cxd4 Rxd4 57. Bc3 1-0

[Event "Portugal Open 2020"]
[Site "Lisboa POR"]
[Date "2020.01.29"]
[Round "6.74"]
[White "Reis, Fátima"]
[Black "Pina, Tiago"]
[Result "0-1"]
[WhiteElo "1519"]
[BlackElo "1816"]
[WhiteFideId "10100423"]
[BlackFideId "1950673"]
[WhiteTitle "WCM"]
[WhiteCountry "ANG"]
[BlackCountry "POR"]
[PlyCount "50"]
[EventDate "2020.01.25"]

1. d4 Nf6 2. Nf3 e6 3. c4 Bb4+ 4. Bd2 c5 5. Bxb4 cxb4 6. Nbd2 O-O 7. e4 d6 8.
Be2 b6 9. O-O Bb7 10. Qc2 Nbd7 11. Rac1 Rc8 12. b3 e5 13. d5 Nc5 14. Qb1 Nh5 15.
g3 g6 16. Nh4 Qg5 17. Bxh5 Qxd2 18. Rcd1 Qg5 19. Be2 Qe7 20. f4 exf4 21. Rxf4 f5
22. Bd3 fxe4 23. Bxe4 Rxf4 24. Nxg6 hxg6 25. gxf4 Qxe4 0-1

[Event "Portugal Open 2020"]
[Site "Lisboa POR"]
[Date "2020.01.29"]
[Round "6.75"]
[White "Trinkl, Stefan"]
[Black "Dong, Fábio"]
[Result "1/2-1/2"]
[WhiteElo "1814"]
[BlackElo "1623"]
[WhiteFideId "16250281"]
[BlackFideId "1958020"]
[WhiteCountry "GER"]
[BlackCountry "POR"]
[PlyCount "77"]
[EventDate "2020.01.25"]

1. e4 c6 2. d4 d5 3. exd5 cxd5 4. Bf4 Nc6 5. c3 Nf6 6. Nf3 Bg4 7. Bd3 e6 8. Nbd2
Bd6 9. Bxd6 Qxd6 10. O-O O-O 11. Qc2 h6 12. Rae1 Bxf3 13. Nxf3 Rac8 14. Qe2 Qc7
15. Ne5 Nxe5 16. dxe5 Nd7 17. Bb1 Rfd8 18. Qd3 Nf8 19. Re3 Qc4 20. Qd2 Qf4 21.
g3 Qg5 22. f4 Qe7 23. g4 Qc7 24. Rd1 Qc5 25. Kf1 Qc4+ 26. Qd3 Qxd3+ 27. Rexd3
Rc6 28. h3 Rc4 29. Rd4 Rdc8 30. Ke2 Nd7 31. Rxc4 Rxc4 32. Rd4 Nb6 33. Bc2 Kf8
34. Kd3 Ke7 35. Bb3 Rxd4+ 36. Kxd4 g5 37. f5 Nd7 38. f6+ Kd8 39. c4 1/2-1/2

[Event "Portugal Open 2020"]
[Site "Lisboa POR"]
[Date "2020.01.29"]
[Round "6.76"]
[White "Elias, Benjamim"]
[Black "Nunes, Adelino"]
[Result "1-0"]
[WhiteElo "1807"]
[BlackElo "1544"]
[WhiteFideId "1903578"]
[BlackFideId "1908111"]
[WhiteCountry "POR"]
[BlackCountry "POR"]
[PlyCount "125"]
[EventDate "2020.01.25"]

1. f4 g6 2. e4 d6 3. d4 Bg7 4. Bc4 e6 5. Nf3 Ne7 6. Bb3 d5 7. e5 b6 8. O-O O-O
9. c3 Nd7 10. Be3 a5 11. Bc2 Ba6 12. Re1 Rc8 13. g4 c5 14. Bd3 Bxd3 15. Qxd3
cxd4 16. cxd4 Rc6 17. Na3 Qa8 18. Rac1 Rfc8 19. Qb5 Bf8 20. Nb1 R8c7 21. Nc3 Qc8
22. Bd2 Kg7 23. a3 h6 24. Rf1 Nb8 25. Ra1 Qa6 26. Rf2 Rc4 27. Qxa6 Nxa6 28. Nb5
R7c6 29. Bc3 Nc8 30. Nd2 Ra4 31. b3 Rxa3 32. Nxa3 Bxa3 33. Rxa3 Rxc3 34. f5 Nb4
35. fxe6 fxe6 36. Ra1 Nc2 37. Raf1 Rc7 38. Rf4 g5 39. Rf8 Nxd4 40. Re8 Ne7 41.
Rff8 Ne2+ 42. Kf2 Nf4 43. Nf3 Rc3 44. Nd4 Rd3 45. Nb5 Nfg6 46. Rf6 Nxe5 47. Rxe6
Nxg4+ 48. Ke2 Rxb3 49. R8xe7+ Kf8 50. Nd6 Rb2+ 51. Ke1 Rb1+ 52. Kd2 Rf1 53. Rb7
Kg8 54. h3 Nf6 55. Ree7 Ne4+ 56. Nxe4 dxe4 57. Re8+ Rf8 58. Rxf8+ Kxf8 59. Rxb6
Kg7 60. Ra6 a4 61. Ke3 a3 62. Kxe4 a2 63. Kf5 1-0

[Event "Portugal Open 2020"]
[Site "Lisboa POR"]
[Date "2020.01.29"]
[Round "6.77"]
[White "Avelino, Camila"]
[Black "Correia, Pedro Mourão"]
[Result "1/2-1/2"]
[WhiteElo "1802"]
[BlackElo "1542"]
[WhiteFideId "1938975"]
[BlackFideId "1959522"]
[WhiteCountry "POR"]
[BlackCountry "POR"]
[PlyCount "42"]
[EventDate "2020.01.25"]

1. e4 d5 2. exd5 Nf6 3. Bb5+ Bd7 4. Bc4 Bg4 5. f3 Bc8 6. Nc3 Nbd7 7. Nge2 Nb6 8.
Bb3 a5 9. a4 Nbxd5 10. Nxd5 Nxd5 11. O-O e6 12. d4 Bd6 13. Bxd5 exd5 14. Nf4 O-O
15. Nxd5 Bxh2+ 16. Kxh2 Qxd5 17. Rh1 Bf5 18. Ra3 Rad8 19. Be3 Rfe8 20. Bf2 c5
21. c3 c4 1/2-1/2

[Event "Portugal Open 2020"]
[Site "Lisboa POR"]
[Date "2020.01.29"]
[Round "6.78"]
[White "Babo, Miguel"]
[Black "Ferreira, Miguel Limão"]
[Result "1/2-1/2"]
[WhiteElo "1796"]
[BlackElo "1530"]
[WhiteFideId "1901567"]
[BlackFideId "1952137"]
[WhiteCountry "POR"]
[BlackCountry "POR"]
[PlyCount "164"]
[EventDate "2020.01.25"]

1. d4 d5 2. Nf3 Nf6 3. e3 e6 4. Bd3 c5 5. b3 Nc6 6. O-O cxd4 7. exd4 Bd6 8. Bb2
O-O 9. Nbd2 Qc7 10. a3 Bd7 11. Re1 Rac8 12. Ne5 a6 13. Rc1 Ne7 14. c4 Qd8 15. c5
Bb8 16. Re3 Bc6 17. a4 Ng6 18. b4 Qe8 19. g3 Bxa4 20. Qe1 Bb5 21. Bb1 Qe7 22.
Ba2 Qc7 23. Nef3 Rfe8 24. h3 Nh5 25. Ne5 Nf6 26. Bb1 Rcd8 27. Ndf3 Nd7 28. Ng4
Rc8 29. Ng5 Qd8 30. Nf3 Nf6 31. Nge5 Qe7 32. Kg2 Nd7 33. Ng4 Rf8 34. h4 Rfe8 35.
Qd2 Nf6 36. Nge5 Nd7 37. Ng4 Nf6 38. Nge5 Nd7 39. Qc2 Ndxe5 40. dxe5 b6 41. Bd4
Ba7 42. Rc3 bxc5 43. Bxc5 Bxc5 44. bxc5 Bc4 45. Ba2 Rxc5 46. h5 Nf8 47. Bxc4
dxc4 48. Rxc4 Rxc4 49. Qxc4 a5 50. Qa6 Qa3 51. Rc7 Re7 52. Rxe7 Qxe7 53. Qxa5
Nd7 54. Qa8+ Qf8 55. Qe4 h6 56. Qc6 Qe7 57. Qa8+ Qf8 58. Qc6 Qe7 59. Qc8+ Kh7
60. Qc2+ Kg8 61. Qe4 Nc5 62. Qd4 Qc7 63. Nd2 Nd7 64. Nc4 Qc6+ 65. Kh2 Nc5 66.
Nd6 Nb7 67. Nc4 Qf3 68. Kg1 Qxh5 69. Qd7 Qf3 70. Nd6 Qd1+ 71. Kh2 Qf3 72. Qxb7
Qxf2+ 73. Kh3 Qf1+ 74. Qg2 Qe1 75. Qa8+ Kh7 76. Qe4+ Qxe4 77. Nxe4 Kg6 78. g4 f6
79. Kh4 f5 80. Nc5 fxg4 81. Nxe6 Kf5 82. Nxg7+ Kxe5 1/2-1/2

[Event "Portugal Open 2020"]
[Site "Lisboa POR"]
[Date "2020.01.29"]
[Round "6.79"]
[White "Gaudin, Bruno"]
[Black "Santos, Isabel P"]
[Result "0-1"]
[WhiteElo "1515"]
[BlackElo "1782"]
[WhiteFideId "647861"]
[BlackFideId "1921681"]
[WhiteCountry "FRA"]
[BlackCountry "POR"]
[PlyCount "76"]
[EventDate "2020.01.25"]

1. Nf3 d5 2. d4 Nf6 3. c4 c6 4. cxd5 cxd5 5. Nc3 Bg4 6. e3 a6 7. Be2 e6 8. Qa4+
Nbd7 9. Ne5 b5 10. Qb3 Bxe2 11. Nxe2 Nxe5 12. dxe5 Nd7 13. O-O Nxe5 14. Bd2 Bd6
15. Nd4 O-O 16. Bb4 Rc8 17. f4 Nc4 18. Bxd6 Qxd6 19. Rf2 Qb6 20. Re1 Rc7 21. Qd1
Nd6 22. Qh5 Ne4 23. Rf3 Qa5 24. Ref1 Qd2 25. Rh3 h6 26. f5 Rc1 27. Qe2 Qxe2 28.
Nxe2 Rc2 29. Nd4 Rxb2 30. fxe6 fxe6 31. Rxf8+ Kxf8 32. Rf3+ Ke7 33. Nc6+ Kd6 34.
Nd4 Rxa2 35. h3 b4 36. Rf7 g5 37. Rh7 Nc5 38. Rh8 b3 0-1

[Event "Portugal Open 2020"]
[Site "Lisboa POR"]
[Date "2020.01.29"]
[Round "6.80"]
[White "Zilles, Paul"]
[Black "Tacuchian, Marcelo"]
[Result "1-0"]
[WhiteElo "1761"]
[BlackElo "1363"]
[WhiteFideId "205990"]
[BlackFideId "1964208"]
[WhiteCountry "BEL"]
[BlackCountry "BRA"]
[PlyCount "69"]
[EventDate "2020.01.25"]

1. b4 Nf6 2. Bb2 c6 3. e3 d5 4. Nf3 Bg4 5. Be2 e6 6. a3 Nbd7 7. h3 Bh5 8. O-O
Qc7 9. d3 c5 10. bxc5 Bxc5 11. Nbd2 O-O 12. c4 Rfd8 13. Qb3 Rac8 14. Rfc1 Qb8
15. d4 Bb6 16. c5 Ba5 17. Bc3 Bxc3 18. Rxc3 e5 19. Bb5 exd4 20. exd4 Ne4 21.
Bxd7 Nxd2 22. Nxd2 Rxd7 23. Rb1 Bg6 24. Rb2 Qf4 25. Nf3 f6 26. Qa4 Re7 27. Qxa7
Rce8 28. g3 Qc7 29. Rcb3 Qd7 30. Rxb7 Qd6 31. Rxe7 Rxe7 32. Qa8+ Kf7 33. Rb7 Bh5
34. Rxe7+ Qxe7 35. Qxd5+ 1-0

[Event "Portugal Open 2020"]
[Site "Lisboa POR"]
[Date "2020.01.29"]
[Round "6.82"]
[White "Van Ginkel, Henk"]
[Black "Oliveira, António Augusto"]
[Result "1-0"]
[WhiteElo "1855"]
[BlackElo "1568"]
[WhiteFideId "1036394"]
[BlackFideId "1943235"]
[WhiteCountry "NED"]
[BlackCountry "POR"]
[PlyCount "63"]
[EventDate "2020.01.25"]

1. e4 d5 2. exd5 Nf6 3. d4 Nxd5 4. Nf3 Bg4 5. Be2 e6 6. O-O c6 7. Ne5 Bxe2 8.
Qxe2 Nd7 9. Re1 Nxe5 10. Qxe5 Qf6 11. Qe4 Bd6 12. g3 Qg6 13. Qxg6 hxg6 14. a3
O-O-O 15. Kg2 Rh5 16. Nd2 Nf6 17. Nf3 Rdh8 18. h4 Rf5 19. b4 Ng4 20. c4 Kd7 21.
Re2 f6 22. Bb2 Rfh5 23. Rae1 Re8 24. Kh3 f5 25. Ng5 Rxg5 26. hxg5 Rh8+ 27. Kg2
Rh2+ 28. Kg1 f4 29. gxf4 Bxf4 30. Bc1 Bxc1 31. Rxc1 Rh5 32. f3 1-0

[Event "Portugal Open 2020"]
[Site "Lisboa POR"]
[Date "2020.01.29"]
[Round "6.83"]
[White "Santos, Ana P"]
[Black "Dias, António"]
[Result "1-0"]
[WhiteElo "1543"]
[BlackElo "1732"]
[WhiteFideId "1921550"]
[BlackFideId "1928040"]
[WhiteCountry "POR"]
[BlackCountry "POR"]
[PlyCount "69"]
[EventDate "2020.01.25"]

1. e4 Nf6 2. e5 Nd5 3. d4 d6 4. exd6 exd6 5. c4 Nb6 6. Nc3 Be6 7. Bd3 c6 8. Qe2
d5 9. c5 Nc8 10. Nf3 Be7 11. Ne5 Nd7 12. Bf4 O-O 13. O-O Nxe5 14. Bxe5 Qd7 15.
Qh5 f5 16. Ne2 g6 17. Qh6 Bf6 18. Bxf6 Rxf6 19. Nf4 Qg7 20. Qxg7+ Kxg7 21. b4 b6
22. Rfe1 Bd7 23. Ba6 bxc5 24. bxc5 Kf8 25. Rab1 g5 26. Nd3 Re6 27. Rxe6 Bxe6 28.
Ne5 Ne7 29. Rb3 Bc8 30. Bb7 Bxb7 31. Rxb7 Ke8 32. g3 f4 33. Rc7 Rc8 34. Rxa7 Nf5
35. Rxh7 1-0

[Event "Portugal Open 2020"]
[Site "Lisboa POR"]
[Date "2020.01.29"]
[Round "6.84"]
[White "Almeida, José António"]
[Black "Bornand, Herbert"]
[Result "0-1"]
[WhiteElo "1538"]
[BlackElo "1722"]
[WhiteFideId "1958143"]
[BlackFideId "1313207"]
[WhiteCountry "POR"]
[BlackCountry "SUI"]
[PlyCount "28"]
[EventDate "2020.01.25"]

1. d4 Nf6 2. Bf4 e6 3. e3 d5 4. Nf3 c5 5. c4 Nc6 6. Nc3 Be7 7. h3 Qa5 8. Bd3
dxc4 9. Bxc4 Ne4 10. Qa4 Nxc3 11. Qxa5 Nxa5 12. Bxe6 Bxe6 13. bxc3 cxd4 14. exd4
Rc8 0-1

[Event "Portugal Open 2020"]
[Site "Lisboa POR"]
[Date "2020.01.29"]
[Round "6.85"]
[White "Almeida, Ângelo"]
[Black "Abdurramane, Dánial"]
[Result "0-1"]
[WhiteElo "1669"]
[BlackElo "1499"]
[WhiteFideId "1910329"]
[BlackFideId "1962523"]
[WhiteCountry "POR"]
[BlackCountry "POR"]
[PlyCount "96"]
[EventDate "2020.01.25"]

1. Nf3 d5 2. g3 Nf6 3. Bg2 Bf5 4. O-O Nbd7 5. d3 e5 6. Nbd2 c6 7. Re1 Bc5 8. e4
dxe4 9. dxe4 Bg6 10. h3 Nh5 11. Nc4 Qe7 12. Be3 O-O 13. Qe2 Bxe3 14. Qxe3 Nhf6
15. Nh4 Qb4 16. b3 b5 17. c3 Qe7 18. Na5 c5 19. Nf5 Qe6 20. Rad1 Qb6 21. Nc6
Bxf5 22. exf5 e4 23. Ne7+ Kh8 24. g4 Rfe8 25. Nd5 Qc6 26. Nxf6 Nxf6 27. g5 Nd5
28. Rxd5 Qxd5 29. Bxe4 Qd6 30. Kh1 Rad8 31. Re2 Re5 32. f3 a5 33. Rg2 Qd1+ 34.
Kh2 Qd6 35. Kh1 Qd1+ 36. Kh2 Qd6 37. Kh1 f6 38. gxf6 Qxf6 39. f4 Re7 40. Qf3
Rde8 41. Bc6 Re3 42. Qd5 Rxh3+ 43. Rh2 Re1+ 44. Kg2 Rxh2+ 45. Kxh2 Qh4+ 46. Kg2
Qg4+ 47. Kf2 Qg1+ 48. Kf3 Re3# 0-1

[Event "Portugal Open 2020"]
[Site "Lisboa POR"]
[Date "2020.01.29"]
[Round "6.86"]
[White "Gomes, Tiago Miguel"]
[Black "Miranda, Raúl"]
[Result "0-1"]
[WhiteElo "1182"]
[BlackElo "1662"]
[WhiteFideId "1936204"]
[BlackFideId "1960660"]
[WhiteCountry "POR"]
[BlackCountry "POR"]
[PlyCount "44"]
[EventDate "2020.01.25"]

1. c4 Nf6 2. g3 e5 3. Bg2 Nc6 4. Nc3 Bc5 5. e3 d6 6. Nge2 Be6 7. d4 exd4 8. exd4
Nxd4 9. Nxd4 Bg4 10. Nde2 c6 11. O-O h6 12. Qc2 O-O 13. Ne4 Nxe4 14. Qxe4 f5 15.
Qc2 Re8 16. Re1 Qb6 17. Kh1 Bxf2 18. Rf1 Bxe2 19. c5 Qxc5 20. Qxc5 Bxc5 21. Rxf5
Bd3 22. Rf3 Re1+ 0-1

[Event "Portugal Open 2020"]
[Site "Lisboa POR"]
[Date "2020.01.29"]
[Round "6.87"]
[White "Pena Barbeito, Rodrigo"]
[Black "Florissi, Aldo"]
[Result "1-0"]
[WhiteElo "1658"]
[BlackElo "1351"]
[WhiteFideId "22228055"]
[BlackFideId "28513428"]
[WhiteCountry "ESP"]
[BlackCountry "ITA"]
[PlyCount "61"]
[EventDate "2020.01.25"]

1. e4 e6 2. Nf3 d5 3. e5 c5 4. d4 cxd4 5. Bd3 Nc6 6. c3 Nge7 7. O-O Nf5 8. Re1
Bc5 9. b4 Bb6 10. b5 Nce7 11. g4 Nh6 12. Bxh6 gxh6 13. cxd4 h5 14. Ng5 hxg4 15.
Nxh7 Bxd4 16. Nf6+ Kf8 17. Na3 Bxa1 18. Qxa1 g3 19. hxg3 b6 20. Nc2 d4 21. Be4
Rb8 22. Nxd4 Bb7 23. Rd1 Bxe4 24. Nxe6+ fxe6 25. Rxd8+ Rxd8 26. Nxe4 Nf5 27. Nd6
Ne7 28. Qc3 Nd5 29. Qf3+ Kg7 30. Qf7+ Kh6 31. Qxe6+ 1-0

[Event "Portugal Open 2020"]
[Site "Lisboa POR"]
[Date "2020.01.29"]
[Round "6.88"]
[White "Gonçalves, Carlos"]
[Black "Gama, João Tiago"]
[Result "1-0"]
[WhiteElo "1638"]
[BlackElo "1214"]
[WhiteFideId "1912879"]
[BlackFideId "1961160"]
[WhiteCountry "POR"]
[BlackCountry "POR"]
[PlyCount "53"]
[EventDate "2020.01.25"]

1. Nf3 d5 2. g3 Nf6 3. Bg2 g6 4. O-O Bg7 5. d4 O-O 6. Bf4 c6 7. Qc1 Bf5 8. c3
Nbd7 9. Bh6 Ne4 10. Bxg7 Kxg7 11. Nh4 e6 12. Nd2 Ndf6 13. f3 Nd6 14. Nxf5+ exf5
15. c4 dxc4 16. Nxc4 Nxc4 17. Qxc4 Qb6 18. b3 Rad8 19. Rad1 Nd5 20. Kf2 Rfe8 21.
e4 fxe4 22. fxe4 Qb4 23. exd5 Qxc4 24. bxc4 cxd5 25. Bxd5 Rd7 26. Rb1 b6 27. Bc6
1-0

[Event "Portugal Open 2020"]
[Site "Lisboa POR"]
[Date "2020.01.29"]
[Round "6.89"]
[White "Azinheira, André"]
[Black "Dias, Leonardo Ribeiro"]
[Result "1-0"]
[WhiteElo "1634"]
[BlackElo "1113"]
[WhiteFideId "1931920"]
[BlackFideId "1949845"]
[WhiteCountry "POR"]
[BlackCountry "POR"]
[PlyCount "105"]
[EventDate "2020.01.25"]

1. e4 c5 2. Nc3 Nc6 3. f4 d6 4. Nf3 g6 5. Bb5 Bd7 6. Bxc6 Bxc6 7. O-O Bg7 8. d3
Nf6 9. Qe1 O-O 10. f5 Qd7 11. fxg6 fxg6 12. h3 Rae8 13. Qh4 d5 14. Bh6 Nh5 15.
Bxg7 Kxg7 16. Ne5 Qe6 17. Nxc6 bxc6 18. Qg5 Rxf1+ 19. Rxf1 Nf6 20. Na4 dxe4 21.
Nxc5 Qd5 22. Qxd5 cxd5 23. dxe4 dxe4 24. Re1 Kf7 25. Nxe4 Nxe4 26. Rxe4 Rd8 27.
Kf2 Rd2+ 28. Re2 Rd5 29. c4 Rc5 30. Rc2 Ke6 31. b4 Rc6 32. Ke3 Ke5 33. a4 a6 34.
b5 axb5 35. axb5 Rc5 36. Kd3 h5 37. Rb2 g5 38. b6 Rc8 39. Rb5+ Kf4 40. b7 Rb8
41. c5 Kg3 42. c6 g4 43. Rxh5 Rd8+ 44. Ke4 gxh3 45. gxh3 Rb8 46. Rb5 Rh8 47.
b8=Q+ Rxb8 48. Rxb8 Kxh3 49. Rg8 Kh4 50. c7 Kh3 51. c8=Q+ Kh2 52. Qf8 e5 53.
Qh6# 1-0

[Event "Portugal Open 2020"]
[Site "Lisboa POR"]
[Date "2020.01.29"]
[Round "6.91"]
[White "Dias, José"]
[Black "Costa, Fábio"]
[Result "1-0"]
[WhiteElo "1593"]
[BlackElo "1258"]
[WhiteFideId "1923943"]
[BlackFideId "1961063"]
[WhiteCountry "POR"]
[BlackCountry "POR"]
[PlyCount "89"]
[EventDate "2020.01.25"]

1. d4 Nf6 2. Bf4 d5 3. Nf3 c5 4. e3 Nc6 5. c3 e6 6. Nbd2 Bd6 7. Ne5 O-O 8. Bd3
Qe7 9. Ndf3 Nd7 10. Bxh7+ Kxh7 11. Ng5+ Kg8 12. Qh5 Nf6 13. Qh3 Bd7 14. Ng4 Rfd8
15. Bxd6 Qxd6 16. Nxf6+ Kf8 17. Qh5 g6 18. Qh6+ Ke7 19. Qg7 Rf8 20. Nfh7 cxd4
21. Nxf8 Rxf8 22. Nh7 Rc8 23. Qf6+ Ke8 24. O-O dxc3 25. bxc3 Na5 26. h4 Nc4 27.
Ng5 Qf8 28. Rfd1 Qe7 29. Qg7 Qf8 30. Qd4 b6 31. e4 Bc6 32. exd5 Bxd5 33. Nh7 Qc5
34. Nf6+ Ke7 35. Qf4 Bc6 36. g4 Nb2 37. Nh7 Nxd1 38. Qf6+ Ke8 39. Rxd1 Bb7 40.
Ng5 Qf8 41. Qd4 Qe7 42. Nh7 Bd5 43. Nf6+ Kf8 44. Nxd5 exd5 45. Qh8# 1-0

[Event "Portugal Open 2020"]
[Site "Lisboa POR"]
[Date "2020.01.29"]
[Round "6.92"]
[White "Vera Cruz, Aguinaldo"]
[Black "Rosa, José"]
[Result "1/2-1/2"]
[WhiteElo "1498"]
[BlackElo "1224"]
[WhiteFideId "23600250"]
[BlackFideId "1961977"]
[WhiteCountry "CPV"]
[BlackCountry "POR"]
[PlyCount "80"]
[EventDate "2020.01.25"]

1. e4 c5 2. Nf3 d6 3. d4 cxd4 4. Nxd4 g6 5. h3 Bg7 6. Nc3 Nf6 7. Bc4 a6 8. O-O
b5 9. Bd3 O-O 10. Qf3 Bb7 11. Nde2 Nbd7 12. a3 Ne5 13. Qe3 Qc7 14. f4 Nxd3 15.
cxd3 Qc5 16. Qxc5 dxc5 17. e5 Nd5 18. Ne4 Rac8 19. Bd2 c4 20. d4 Ne3 21. Bxe3
Bxe4 22. Nc3 Bd3 23. Rf2 Rfd8 24. Rd1 f5 25. b3 e6 26. b4 Ra8 27. a4 bxa4 28.
Nxa4 Bf8 29. Nc5 Bxc5 30. bxc5 Rab8 31. Ra2 Ra8 32. Rda1 Rdb8 33. Rxa6 Rb1+ 34.
Rxb1 Rxa6 35. Rb6 Rxb6 36. cxb6 Be4 37. Bd2 Kf7 38. g3 Ke7 39. Kf2 Kd7 40. Bb4
Kc6 1/2-1/2

[Event "Portugal Open 2020"]
[Site "Lisboa POR"]
[Date "2020.01.29"]
[Round "6.93"]
[White "Lança, Luis"]
[Black "Palhas, Miguel Brando"]
[Result "0-1"]
[WhiteElo "1281"]
[BlackElo "1490"]
[WhiteFideId "1936450"]
[BlackFideId "1961349"]
[WhiteCountry "POR"]
[BlackCountry "POR"]
[PlyCount "62"]
[EventDate "2020.01.25"]

1. e4 d5 2. exd5 Qxd5 3. Nc3 Qd6 4. d4 Nf6 5. Nf3 a6 6. Be3 b5 7. Be2 Bb7 8. O-O
e6 9. Qd2 b4 10. Na4 Ne4 11. Qc1 Nd7 12. Bf4 Qc6 13. b3 Be7 14. Bd3 g5 15. Bxe4
Qxe4 16. Be3 g4 17. Ne1 h5 18. f3 Qg6 19. Kh1 h4 20. fxg4 h3 21. Qd2 hxg2+ 22.
Nxg2 Qh7 23. Bf4 Bg5 24. Kg1 O-O-O 25. Qf2 Nf6 26. Ne3 Ne4 27. Qg2 Rxd4 28. Bxg5
Rd2 29. Bf4 Rxg2+ 30. Kxg2 Ng5+ 31. Kg1 Nh3# 0-1